[Event "TCh-FRA Top 16 Basse 2025"]
[Site "Belfort FRA"]
[Date "2025.05.29"]
[Round "1.6"]
[White "Arzur, Maia"]
[Black "Le Roux, Jean-Pierre"]
[Result "0-1"]
[WhiteTitle "WFM"]
[BlackTitle "GM"]
[WhiteElo "2141"]
[BlackElo "2475"]
[WhiteTeam "Bois-Colombes"]
[BlackTeam "Clichy Echecs 92"]
[WhiteFideId "45161127"]
[BlackFideId "609404"]
[EventDate "2025.05.29"]
[EventType "team"]

1. d4 Nf6 2. Nf3 d6 3. Nc3 g6 4. e4 Bg7 5. Be2 O-O 6. O-O a6 7. a4 Bg4 8. a5 Nc6
9. Be3 Re8 10. d5 Na7 11. h3 Bxf3 12. Bxf3 Nd7 13. Be2 e6 14. Qd2 exd5 15. exd5
Nc8 16. Bg5 Bxc3 17. bxc3 Rxe2 18. Qxe2 Qxg5 19. Qe8+ Nf8 20. c4 Nb6 21. Qe2
Nbd7 22. Ra3 b6 23. Rg3 Qh4 24. Re3 bxa5 25. Re1 a4 26. Re7 Qf6 27. Qe3 a5 28.
Qa3 Nc5 29. Rxc7 Nfd7 30. Qg3 a3 31. Qxa3 a4 32. Rb1 Kg7 33. c3 Ne5 34. Qa2 a3
35. Ra1 Qd8 0-1

[Event "TCh-FRA Top 16 Basse 2025"]
[Site "Belfort FRA"]
[Date "2025.05.29"]
[Round "1.7"]
[White "Belkaid, Sohan"]
[Black "Makke, Laurent"]
[Result "1-0"]
[WhiteTitle "FM"]
[WhiteElo "2348"]
[BlackElo "2119"]
[WhiteTeam "Clichy Echecs 92"]
[BlackTeam "Bois-Colombes"]
[WhiteFideId "45180350"]
[BlackFideId "624314"]
[EventDate "2025.05.29"]
[EventType "team"]

1. e4 c5 2. Nf3 Nc6 3. d4 cxd4 4. Nxd4 Nf6 5. Nc3 e5 6. Ndb5 d6 7. Bg5 a6 8. Na3
b5 9. Bxf6 gxf6 10. Nab1 Ne7 11. Nd2 Be6 12. Bd3 Rg8 13. O-O Bh3 14. g3 Bxf1 15.
Nxf1 b4 16. Nd5 Nxd5 17. exd5 f5 18. Bxf5 Qg5 19. Qd3 Be7 20. a3 b3 21. cxb3 h5
22. Ne3 h4 23. Rc1 hxg3 24. hxg3 Rh8 25. Be4 Qh6 26. Rc7 Qh2+ 27. Kf1 Bd8 28.
Rc6 Rh6 29. Nf5 Rf6 30. Rxd6 Bb6 31. Qf3 Rc8 32. Rxf6 Rc1+ 33. Ke2 Qg1 34. Ng7+
Ke7 35. Rxf7+ Kd6 36. Ne8+ Kc5 37. Qe3+ Kb5 38. Nd6+ Ka5 39. Qd2+ Rc3 40. Qxc3# 1-0

[Event "TCh-FRA Top 16 Basse 2025"]
[Site "Belfort FRA"]
[Date "2025.05.29"]
[Round "1.8"]
[White "Guerlach, Keigo"]
[Black "Broly, Mathilde"]
[Result "1/2-1/2"]
[BlackTitle "WFM"]
[WhiteElo "2148"]
[BlackElo "2077"]
[WhiteTeam "Bois-Colombes"]
[BlackTeam "Clichy Echecs 92"]
[WhiteFideId "20665865"]
[BlackFideId "20682794"]
[EventDate "2025.05.29"]
[EventType "team"]

1. e4 e5 2. Nf3 Nc6 3. d4 exd4 4. Bc4 Nf6 5. e5 d5 6. Bb5 Ne4 7. Nxd4 Bd7 8.
Bxc6 bxc6 9. O-O g6 10. f3 Nc5 11. f4 Bg7 12. Be3 Qe7 13. b4 Ne4 14. Nd2 O-O 15.
Nxe4 dxe4 16. Nb3 Rfd8 17. Bc5 Qe8 18. Qe2 f6 19. Qxe4 fxe5 20. Rae1 Bf5 21. Qe2
exf4 22. Qc4+ Qf7 23. Qxf4 Rd7 24. Nd4 Qxa2 25. g4 Qc4 26. Nxf5 Qxf4 27. Rxf4
gxf5 28. Rxf5 Kh8 29. h4 Rad8 30. Bxa7 Bd4+ 31. Bxd4+ Rxd4 32. Rg5 Rg8 33. Rxg8+
Kxg8 34. Re7 Rxg4+ 35. Kf2 Rxb4 36. Rxc7 Rc4 37. Kg3 Rxc2 38. h5 Rc5 39. Kg4 h6
40. Kh4 Kh8 41. Rd7 1/2-1/2

[Event "TCh-FRA Top 16 Basse 2025"]
[Site "Belfort FRA"]
[Date "2025.05.29"]
[Round "1.1"]
[White "Grandelius, Nils"]
[Black "Ganguly, Surya Shekhar"]
[Result "1-0"]
[WhiteTitle "GM"]
[BlackTitle "GM"]
[WhiteElo "2637"]
[BlackElo "2569"]
[WhiteTeam "Chalons-En-Champagne"]
[BlackTeam "Metz Fischer"]
[WhiteFideId "1710400"]
[BlackFideId "5002150"]
[EventDate "2025.05.29"]
[EventType "team"]

1. e4 c6 2. d4 d5 3. exd5 cxd5 4. Nf3 Nc6 5. c3 a6 6. Bf4 Bg4 7. Nbd2 e6 8. Bd3
Bd6 9. Bxd6 Qxd6 10. O-O Nge7 11. Re1 h6 12. Nf1 Bf5 13. Bxf5 Nxf5 14. Ng3 Nxg3
15. hxg3 b5 16. b4 O-O 17. a4 Rfc8 18. axb5 axb5 19. Qd3 Rab8 20. Nd2 f6 21. Nb3
e5 22. dxe5 fxe5 23. Nc5 Rd8 24. Ra6 Qf6 25. Qe3 Rbc8 26. Nb7 Rd7 27. Na5 Rd6
28. Rxc6 Rdxc6 29. Nxc6 Qxc6 30. Qxe5 Qxc3 31. Qxd5+ Kh8 32. Re4 Qc2 33. f3 Rb8
34. Kh2 Qc7 35. Re6 Qc3 36. Qe5 Qxe5 37. Rxe5 g6 38. f4 Kg7 39. g4 Kf6 40. g5+
hxg5 41. Rxg5 Rb6 42. Kg3 Ke7 43. Kg4 1-0

[Event "TCh-FRA Top 16 Basse 2025"]
[Site "Belfort FRA"]
[Date "2025.05.29"]
[Round "1.2"]
[White "Travadon, Loic"]
[Black "Anton Guijarro, David"]
[Result "1/2-1/2"]
[WhiteTitle "IM"]
[BlackTitle "GM"]
[WhiteElo "2447"]
[BlackElo "2642"]
[WhiteTeam "Metz Fischer"]
[BlackTeam "Chalons-En-Champagne"]
[WhiteFideId "26092131"]
[BlackFideId "2285525"]
[EventDate "2025.05.29"]
[EventType "team"]

1. e4 e5 2. Nf3 Nc6 3. Bc4 Bc5 4. c3 Nf6 5. d4 exd4 6. cxd4 Bb4+ 7. Nbd2 Bxd2+
8. Bxd2 Nxe4 9. d5 Ne7 10. O-O Nxd2 11. Qxd2 d6 12. Rac1 O-O 13. Bb3 a5 14. Rfe1
h6 15. a3 Bg4 16. Nd4 a4 17. Ba2 Bd7 18. Qb4 Rb8 19. Re3 Kh8 20. Rec3 c5 21.
dxc6 bxc6 22. Qxd6 Rxb2 23. Bb1 Nd5 24. Nxc6 Bxc6 25. Qxd8 Rxd8 26. Rxc6 g6 27.
g3 Kg7 28. Bc2 Nb6 29. Kf1 Rd4 30. Bd1 Rd3 31. R6c3 Rdd2 32. Bc2 Rd4 33. Bd1 Ra2
34. Ke1 Re4+ 35. Kf1 Rd4 36. Ke1 Nd5 37. Rc4 Rxc4 38. Rxc4 Rxa3 39. Rxa4 Rxa4 1/2-1/2

[Event "TCh-FRA Top 16 Basse 2025"]
[Site "Belfort FRA"]
[Date "2025.05.29"]
[Round "1.3"]
[White "Korobov, Anton"]
[Black "Visakh, N R"]
[Result "1-0"]
[WhiteTitle "GM"]
[BlackTitle "GM"]
[WhiteElo "2631"]
[BlackElo "2507"]
[WhiteTeam "Chalons-En-Champagne"]
[BlackTeam "Metz Fischer"]
[WhiteFideId "14105730"]
[BlackFideId "25012223"]
[EventDate "2025.05.29"]
[EventType "team"]

1. d4 Nf6 2. c4 e6 3. Nf3 d5 4. Nc3 Nbd7 5. e3 Bb4 6. Bd3 O-O 7. O-O dxc4 8.
Bxc4 c5 9. a3 cxd4 10. axb4 dxc3 11. bxc3 Qc7 12. Be2 b6 13. Bb2 Bb7 14. c4 e5
15. Ra3 a5 16. bxa5 Rxa5 17. Rxa5 bxa5 18. Qa1 Bxf3 19. Bxf3 Qxc4 20. Qxa5 Rc8
21. Bxe5 Nxe5 22. Qxe5 Qc3 23. Qb5 g6 24. h3 Kg7 25. Rb1 Qc4 26. Qb7 h5 27. g3
Qc7 28. Qa6 Qc4 29. Qa7 Qc5 30. Rb7 Qxa7 31. Rxa7 Kf8 32. Kg2 Re8 33. Bc6 Re7
34. Rxe7 Kxe7 35. f4 Kd6 36. Ba4 Ke7 37. Kf3 Ng8 38. e4 Nh6 39. Ke3 Ng8 40. Kd4
Nh6 41. Kd5 Ng8 42. Bb5 Nh6 43. Be2 Ng8 44. e5 Kd8 45. g4 hxg4 46. hxg4 Ne7+ 47.
Kc5 Ke8 48. Bb5+ Kf8 49. Bd7 g5 50. f5 f6 51. e6 Ng8 52. Kd6 Ne7 53. Bb5 Nc8+
54. Kd7 Nb6+ 55. Kd8 Nd5 56. Bc4 Ne7 57. Kd7 Ng8 58. e7+ Nxe7 59. Be6 1-0

[Event "TCh-FRA Top 16 Basse 2025"]
[Site "Belfort FRA"]
[Date "2025.05.29"]
[Round "1.4"]
[White "Postny, Evgeny"]
[Black "Velten, Paul"]
[Result "1/2-1/2"]
[WhiteTitle "GM"]
[BlackTitle "GM"]
[WhiteElo "2525"]
[BlackElo "2542"]
[WhiteTeam "Metz Fischer"]
[BlackTeam "Chalons-En-Champagne"]
[WhiteFideId "2804344"]
[BlackFideId "681091"]
[EventDate "2025.05.29"]
[EventType "team"]

1. d4 Nf6 2. c4 g6 3. Nc3 d5 4. e3 Bg7 5. Qb3 e6 6. Qa3 Bf8 7. Qa4+ Nbd7 8. Nf3
Bg7 9. Qa3 c6 10. b3 Bf8 11. Qb2 Bg7 12. Be2 O-O 13. O-O Ne4 14. Qc2 Nxc3 15.
Qxc3 Qc7 16. Bb2 dxc4 17. Bxc4 c5 18. Qd2 cxd4 19. Bxd4 Ne5 20. Nxe5 Bxe5 21.
Bxe5 Qxe5 22. Rfd1 b6 23. Qd6 Qxd6 24. Rxd6 Bb7 25. Rad1 Rfc8 26. f3 Rc7 27. e4
Rac8 28. Kf2 Kf8 29. Ke3 Ke7 30. h4 h6 31. R6d2 g5 32. hxg5 hxg5 33. Rh1 Bc6 34.
Ba6 Bb7 35. Bc4 Bc6 36. Ba6 Bb7 37. Bxb7 Rxb7 38. Rhd1 Kf6 39. g3 Rc3+ 40. Rd3
Rbc7 41. a4 Rc2 42. R1d2 Rc1 43. Rd1 R1c2 44. R1d2 Ke5 1/2-1/2

[Event "TCh-FRA Top 16 Basse 2025"]
[Site "Belfort FRA"]
[Date "2025.05.29"]
[Round "1.5"]
[White "Bournel, Antoine"]
[Black "Barseghyan, Harutyun"]
[Result "1/2-1/2"]
[WhiteTitle "IM"]
[BlackTitle "IM"]
[WhiteElo "2423"]
[BlackElo "2450"]
[WhiteTeam "Chalons-En-Champagne"]
[BlackTeam "Metz Fischer"]
[WhiteFideId "26093553"]
[BlackFideId "13304585"]
[EventDate "2025.05.29"]
[EventType "team"]

1. d4 d5 2. c4 e6 3. Nc3 Bb4 4. e3 Nf6 5. a3 Be7 6. Bd2 O-O 7. Rc1 b6 8. Nf3 Bb7
9. cxd5 exd5 10. Bd3 a6 11. Ne5 c5 12. Qf3 Nc6 13. Nxc6 Bxc6 14. O-O Qd7 15.
dxc5 bxc5 16. e4 d4 17. Ne2 Ng4 18. Qg3 Bb5 19. b4 Bd6 20. Bf4 Bxd3 21. Qxd3
Bxf4 22. Nxf4 cxb4 23. axb4 Qd6 24. Qg3 Nf6 25. Nh5 1/2-1/2

[Event "TCh-FRA Top 16 Basse 2025"]
[Site "Belfort FRA"]
[Date "2025.05.29"]
[Round "1.6"]
[White "Bailet, Pierre"]
[Black "David, Alberto"]
[Result "1/2-1/2"]
[WhiteTitle "GM"]
[BlackTitle "GM"]
[WhiteElo "2472"]
[BlackElo "2481"]
[WhiteTeam "Metz Fischer"]
[BlackTeam "Chalons-En-Champagne"]
[WhiteFideId "655830"]
[BlackFideId "4000013"]
[EventDate "2025.05.29"]
[EventType "team"]

1. e4 c5 2. Nf3 d6 3. d4 cxd4 4. Nxd4 Nf6 5. Nc3 Nc6 6. Bg5 e6 7. Qd2 a6 8. Nxc6
bxc6 9. O-O-O Be7 10. Bxf6 gxf6 11. Bc4 Bb7 12. Bb3 Qa5 13. Kb1 O-O-O 14. Qe2
Kb8 15. Rd3 h5 16. Rhd1 h4 17. a3 Rhg8 18. g4 hxg3 19. hxg3 Qc7 20. Rh1 Rh8 21.
Rdd1 d5 22. Rxh8 Rxh8 23. Qg4 Qe5 24. Ka2 f5 25. exf5 Qxf5 26. Qxf5 exf5 27. Na4
f4 28. c4 Rh2 29. cxd5 cxd5 30. Bxd5 Bxd5+ 31. Rxd5 Rxf2 32. Rd7 fxg3 33. Rxe7
g2 34. Re8+ Kc7 35. Rg8 Kc6 36. Nc3 f5 37. Nd1 Re2 38. Nc3 Rd2 39. Rg5 f4 40.
Rg6+ Kc7 41. Rg7+ Kd8 42. Ne4 Re2 43. Ng5 g1=Q 44. Nf7+ Ke7 45. Rxg1 Kxf7 46.
Rf1 Re4 47. b4 Kf6 48. Kb3 Kf5 49. a4 Kg4 50. Rg1+ Kh3 51. Rg6 f3 52. Rxa6 f2
53. Rf6 Kg3 54. Rxf2 Kxf2 55. a5 Ke3 56. a6 Kd4 57. Ka4 Kc4 58. a7 Re1 59. Ka5
Ra1+ 60. Kb6 Rxa7 61. Kxa7 1/2-1/2

[Event "TCh-FRA Top 16 Basse 2025"]
[Site "Belfort FRA"]
[Date "2025.05.29"]
[Round "1.7"]
[White "Sebag, Marie"]
[Black "Vitoux, Colomban"]
[Result "1/2-1/2"]
[WhiteTitle "GM"]
[BlackTitle "IM"]
[WhiteElo "2448"]
[BlackElo "2367"]
[WhiteTeam "Chalons-En-Champagne"]
[BlackTeam "Metz Fischer"]
[WhiteFideId "617822"]
[BlackFideId "628549"]
[EventDate "2025.05.29"]
[EventType "team"]

1. e4 e6 2. d4 d5 3. Nd2 a6 4. Bd3 c5 5. dxc5 Bxc5 6. Ngf3 Nc6 7. exd5 exd5 8.
O-O Nge7 9. Nb3 Bd6 10. c3 O-O 11. Re1 h6 12. h3 Re8 13. Bc2 Bd7 14. Be3 Bf5 15.
Bc5 Qd7 16. Bxd6 Qxd6 17. Bxf5 Nxf5 18. Qd3 g6 19. Rxe8+ Rxe8 20. Rd1 Ne5 21.
Nxe5 Rxe5 22. Nd2 Qe6 23. Nf3 Re2 24. g4 Ne7 25. Nd4 Re1+ 26. Rxe1 Qxe1+ 27. Kg2
Qe5 28. Qg3 Qxg3+ 29. Kxg3 Kg7 30. h4 Kf6 31. f4 Nc6 32. Nf3 h5 33. g5+ Kf5 34.
Nd2 Ke6 35. Nb3 b6 36. Kf3 Kf5 37. a3 Ke6 38. Ke3 Kd6 39. Kf3 Ke6 1/2-1/2

[Event "TCh-FRA Top 16 Basse 2025"]
[Site "Belfort FRA"]
[Date "2025.05.29"]
[Round "1.8"]
[White "Andriasyan, Siranush"]
[Black "Lucas, Arthur"]
[Result "0-1"]
[WhiteTitle "WIM"]
[BlackTitle "IM"]
[WhiteElo "2192"]
[BlackElo "2328"]
[WhiteTeam "Metz Fischer"]
[BlackTeam "Chalons-En-Champagne"]
[WhiteFideId "13301926"]
[BlackFideId "26093073"]
[EventDate "2025.05.29"]
[EventType "team"]

1. e4 c5 2. Nf3 Nc6 3. Bb5 d6 4. O-O Bd7 5. Re1 a6 6. Bxc6 Bxc6 7. d4 cxd4 8.
Qxd4 Nf6 9. c4 g6 10. Nc3 Bg7 11. Rb1 O-O 12. Qd3 b5 13. cxb5 axb5 14. Nd4 Qd7
15. Nxc6 Qxc6 16. Qxb5 Qxb5 17. Nxb5 Rxa2 18. Nc3 Ra7 19. f3 Rb8 20. b4 Rab7 21.
Ba3 Nd7 22. Nd5 Ne5 23. Rec1 f5 24. Rc7 Rxc7 25. Nxc7 Nc4 26. Bc1 Kf7 27. b5
Bd4+ 28. Kf1 Rc8 29. Na6 fxe4 30. fxe4 Ke6 31. Ke2 Bb6 32. Nb4 Rf8 33. Nd3 Ra8
34. Nf4+ Kd7 35. Kd3 Ne5+ 36. Ke2 Ra4 37. Nd5 Rxe4+ 38. Kf1 Bc5 39. b6 Nc6 40.
b7 Nb8 41. Rb3 Rd4 42. Nc3 Kc6 43. Ke2 d5 44. Bd2 e6 45. Nd1 Re4+ 46. Kf3 e5 47.
Ne3 Rf4+ 48. Ke2 h5 49. g3 Rf7 50. g4 Bxe3 51. Rxe3 e4 52. gxh5 gxh5 53. Rh3 Rf5
54. Rb3 d4 55. Be1 Rf7 56. Rh3 Rh7 57. Bf2 Kd5 58. Rb3 Kc4 59. Rb6 Kc5 60. Rb3
h4 61. Rb1 e3 62. Bxe3 Re7 63. Rb3 Kc4 64. Rd3 dxe3 65. Rxe3 Rh7 66. Kf3 Kd5 67.
Kg4 Rxb7 68. Kxh4 Rg7 69. h3 Nc6 70. Rg3 Rh7+ 71. Kg4 Ke4 72. h4 Ne5+ 73. Kh3
Kf4 74. Ra3 Rd7 75. Ra4+ Kf3 76. Ra3+ Nd3 77. Rc3 Rd4 78. Ra3 Kf4 79. Kg2 Kg4
80. h5 Nf4+ 81. Kf2 Nxh5 82. Ke3 Rb4 83. Ra8 Nf6 84. Rd8 Kf5 85. Kd3 Ke5 86. Kc3
Rh4 87. Kd3 Ne4 88. Re8+ Kd5 89. Rd8+ Nd6 90. Ke3 Ke5 91. Rf8 Rh3+ 92. Ke2 Ke4
93. Rf6 Nc4 94. Kf2 Ne5 95. Rf8 Rh7 96. Ra8 Nd3+ 97. Kg3 Rg7+ 98. Kh4 Ne5 99.
Ra4+ Kf3 100. Ra3+ Kf4 101. Ra4+ Kf5 102. Rb4 Nd3 103. Ra4 Rg1 104. Ra5+ Ne5
105. Ra4 Ng6+ 106. Kh3 Nf4+ 107. Kh2 Rg2+ 108. Kh1 Rd2 109. Kg1 Kg4 110. Ra3 Nd3
111. Ra8 Kf3 112. Rf8+ Nf4 113. Rf7 Rd8 114. Ra7 Ne2+ 115. Kf1 Rd1# 0-1

[Event "TCh-FRA Top 16 Basse 2025"]
[Site "Belfort FRA"]
[Date "2025.05.30"]
[Round "2.1"]
[White "Ganguly, Surya Shekhar"]
[Black "Materia, Marco"]
[Result "1/2-1/2"]
[WhiteTitle "GM"]
[BlackTitle "IM"]
[WhiteElo "2569"]
[BlackElo "2489"]
[WhiteTeam "Metz Fischer"]
[BlackTeam "Bischwiller"]
[WhiteFideId "5002150"]
[BlackFideId "45150451"]
[EventDate "2025.05.29"]
[EventType "team"]

1. e4 c5 2. Nf3 e6 3. d4 cxd4 4. Nxd4 Nc6 5. Nc3 Qc7 6. Be3 a6 7. Bd3 Nf6 8. Qe2
b5 9. Nxc6 dxc6 10. O-O Bd6 11. f4 e5 12. f5 Bb7 13. Nd1 c5 14. c4 b4 15. Nf2 h5
16. Bc2 Bc6 17. a3 a5 18. axb4 cxb4 19. Ba4 Bxa4 20. Rxa4 Bc5 21. h3 Bxe3 22.
Qxe3 Qxc4 23. Rfa1 Qb5 24. Nd3 O-O 25. Nxb4 Rad8 26. Nd5 Nxd5 27. exd5 Rxd5 28.
f6 gxf6 29. Qg3+ Kh7 30. Qh4 e4 1/2-1/2

[Event "TCh-FRA Top 16 Basse 2025"]
[Site "Belfort FRA"]
[Date "2025.05.30"]
[Round "2.2"]
[White "Schmider, Niklas"]
[Black "Chigaev, Maksim"]
[Result "1/2-1/2"]
[WhiteTitle "IM"]
[BlackTitle "GM"]
[WhiteElo "2421"]
[BlackElo "2635"]
[WhiteTeam "Bischwiller"]
[BlackTeam "Metz Fischer"]
[WhiteFideId "12993778"]
[BlackFideId "4108116"]
[EventDate "2025.05.29"]
[EventType "team"]

1. e4 e6 2. d4 d5 3. Nc3 Bb4 4. e5 c5 5. a3 Bxc3+ 6. bxc3 Nc6 7. Qg4 g6 8. Nf3
Qa5 9. Bd2 c4 10. h4 h6 11. Nh2 Bd7 12. Qf3 Qa4 13. Ra2 Rh7 14. h5 g5 15. Ng4
O-O-O 16. Be2 Qa5 17. Qg3 Nge7 18. f4 Nf5 19. Qf2 gxf4 20. Qxf4 Rg7 21. Bf3 Rdg8
22. Nxh6 Nxh6 23. Qxh6 Qb6 24. Ra1 Qb2 25. Rc1 Qxa3 26. Qf4 Rh7 27. Kf2 Qb2 28.
g4 a5 29. Qe3 Kc7 30. Ra1 Qxc2 31. Rhc1 Qb2 32. Rcb1 Qc2 33. Rc1 Qb2 34. Rcb1
Qc2 1/2-1/2

[Event "TCh-FRA Top 16 Basse 2025"]
[Site "Belfort FRA"]
[Date "2025.05.30"]
[Round "2.3"]
[White "Barseghyan, Harutyun"]
[Black "Schlosser, Philipp"]
[Result "1/2-1/2"]
[WhiteTitle "IM"]
[BlackTitle "GM"]
[WhiteElo "2450"]
[BlackElo "2472"]
[WhiteTeam "Metz Fischer"]
[BlackTeam "Bischwiller"]
[WhiteFideId "13304585"]
[BlackFideId "4600169"]
[EventDate "2025.05.29"]
[EventType "team"]

1. d4 d5 2. Nf3 Nf6 3. Bf4 c5 4. e3 Nc6 5. Nbd2 Qb6 6. dxc5 Qxb2 7. Rb1 Qc3 8.
Bb5 g6 9. e4 a6 10. Bxc6+ bxc6 11. Be5 Qxc5 12. Bd4 Qa5 13. O-O Bg7 14. Nc4 Qd8
15. exd5 cxd5 16. Bb6 Qd7 17. Nfe5 Qa4 18. Bd4 Bg4 19. Nd6+ Kf8 20. f3 exd6 21.
Nxg4 Nxg4 22. Bxg7+ Kxg7 23. fxg4 Qe4 24. Rb7 Rhf8 25. Re1 Qc4 26. Qf3 d4 27. h4
Rae8 28. Rf1 Qe6 29. Kh1 d5 30. Qf4 Kg8 31. Qxd4 Re7 32. Rb6 Qe2 33. Rbf6 Qe4
34. R6f4 Qxd4 35. Rxd4 Rc8 36. Rf2 Re4 37. Rxe4 dxe4 38. g5 e3 39. Re2 Rc3 40.
g3 f6 41. gxf6 Kf7 42. Kg2 Kxf6 43. Kf3 Ra3 44. Rxe3 Rxa2 45. Rc3 a5 46. Rc6+
Ke5 47. Kg4 a4 48. Kg5 a3 49. Ra6 Rxc2 50. Rxa3 Rc7 51. Rf3 Ke4 52. Rf4+ Ke5 53.
Rf1 Rc3 54. Rg1 Ke4 55. g4 Kf3 56. h5 gxh5 57. gxh5 Rc6 58. Rf1+ Ke4 59. Re1+
Kf3 60. h6 Rg6+ 61. Kh5 Kf4 62. Rf1+ Ke5 63. Rf7 Rg1 64. Rxh7 Kf6 65. Rh8 Rh1+
66. Kg4 Kg6 67. Rg8+ Kh7 68. Ra8 Rxh6 1/2-1/2

[Event "TCh-FRA Top 16 Basse 2025"]
[Site "Belfort FRA"]
[Date "2025.05.30"]
[Round "2.4"]
[White "Ernst, Luca"]
[Black "Bailet, Pierre"]
[Result "0-1"]
[WhiteTitle "FM"]
[BlackTitle "GM"]
[WhiteElo "2222"]
[BlackElo "2472"]
[WhiteTeam "Bischwiller"]
[BlackTeam "Metz Fischer"]
[WhiteFideId "45117055"]
[BlackFideId "655830"]
[EventDate "2025.05.29"]
[EventType "team"]

1. e4 c5 2. Nf3 d6 3. Bb5+ Nd7 4. a4 Nf6 5. Nc3 g6 6. a5 a6 7. Bc4 h6 8. d3 Bg7
9. Bd2 Ng4 10. Qc1 Nge5 11. Nxe5 Nxe5 12. Bb3 e6 13. Na4 Rb8 14. Nb6 Bd7 15. O-O
Bb5 16. Ba4 Nd7 17. Nc4 Qe7 18. Bf4 e5 19. Bd2 h5 20. Bxb5 axb5 21. Ne3 Nf6 22.
c4 b4 23. Qd1 O-O 24. a6 Ra8 25. a7 Rfc8 26. f4 exf4 27. Rxf4 b6 28. Qf3 Qe5 29.
Rf1 Qxb2 30. Bc1 Qc3 31. Qf2 Rxa7 32. Bb2 Nxe4 33. Bxc3 Nxf2 34. Bxg7 Nxd3 35.
Bh6 Nxf4 36. Bxf4 Rca8 37. Bxd6 Ra1 38. Be5 Rxf1+ 39. Nxf1 Ra2 40. Ne3 Re2 0-1

[Event "TCh-FRA Top 16 Basse 2025"]
[Site "Belfort FRA"]
[Date "2025.05.30"]
[Round "2.5"]
[White "Visakh, N R"]
[Black "Pigeat, Alexandre"]
[Result "1-0"]
[WhiteTitle "GM"]
[BlackTitle "FM"]
[WhiteElo "2507"]
[BlackElo "2303"]
[WhiteTeam "Metz Fischer"]
[BlackTeam "Bischwiller"]
[WhiteFideId "25012223"]
[BlackFideId "20649444"]
[EventDate "2025.05.29"]
[EventType "team"]

1. e4 e6 2. d4 d5 3. e5 a6 4. Nf3 Bd7 5. c3 Bb5 6. h4 Bxf1 7. Kxf1 c5 8. g3 Nc6
9. Kg2 Qb6 10. dxc5 Bxc5 11. b4 Bf8 12. Qe2 Nh6 13. Bxh6 gxh6 14. c4 Bg7 15.
cxd5 exd5 16. Nc3 Rd8 17. Rhd1 d4 18. Ne4 O-O 19. a3 Nxe5 20. Nxe5 Bxe5 21. Nc5
Qc6+ 22. Qf3 Qxf3+ 23. Kxf3 b6 24. Nxa6 f5 25. h5 Rd5 26. a4 Rc8 27. Rd3 Kf7 28.
Ra2 Rc4 29. Ke2 Bd6 30. Rb3 Ke6 31. Kd3 Rc1 32. f4 Rd1+ 33. Rd2 Rc1 34. Re2+ Kd7
35. Rc2 Rg1 36. Kc4 d3 37. Rd2 Ke6 38. Rdxd3 Rc1+ 39. Rbc3 Rxd3 40. Kxd3 Ra1 41.
Kc4 Rxa4 42. Kb5 Ra1 43. Kxb6 Rh1 44. Kc6 Bxb4 45. Nxb4 Rxh5 46. Re3+ Kf7 47.
Kd6 Rh1 48. Ke5 h5 49. Kxf5 h4 50. g4 h3 51. Nd3 h2 52. Rh3 1-0

[Event "TCh-FRA Top 16 Basse 2025"]
[Site "Belfort FRA"]
[Date "2025.05.30"]
[Round "2.6"]
[White "Barbaras, Mathieu"]
[Black "Travadon, Loic"]
[Result "0-1"]
[BlackTitle "IM"]
[WhiteElo "2277"]
[BlackElo "2447"]
[WhiteTeam "Bischwiller"]
[BlackTeam "Metz Fischer"]
[WhiteFideId "20622910"]
[BlackFideId "26092131"]
[EventDate "2025.05.29"]
[EventType "team"]

1. d4 Nf6 2. Nf3 e6 3. c4 d5 4. g3 dxc4 5. Bg2 Nbd7 6. Qa4 a6 7. Qxc4 b5 8. Qc6
Rb8 9. Bf4 Bb4+ 10. Nbd2 Bb7 11. Qc2 Rc8 12. a3 Be7 13. b4 O-O 14. O-O a5 15.
Qb2 axb4 16. axb4 Nd5 17. Ne1 N7b6 18. Nc2 g5 19. Be3 f5 20. Nf3 Nc4 21. Qb3
Ndb6 22. Rfd1 Bd5 23. Qc3 Be4 24. Ne5 Nd5 25. Qb3 Bxc2 26. Qxc2 Ndxe3 27. fxe3
Nxe3 28. Qb3 Nxd1 29. Qxe6+ Kg7 30. Rxd1 Qd6 31. Qxd6 cxd6 32. Nc6 Bf6 33. e3
Ra8 34. Na5 Rae8 35. Kf2 f4 36. gxf4 gxf4 37. e4 Rc8 38. e5 Rc2+ 39. Kf3 dxe5
40. dxe5 Bxe5 41. Bf1 Rc3+ 42. Kg4 f3 43. Bxb5 f2 44. Bf1 Rf4+ 45. Kh5 Rf5+ 46.
Kh4 Rcf3 47. Rd7+ Kf6 0-1

[Event "TCh-FRA Top 16 Basse 2025"]
[Site "Belfort FRA"]
[Date "2025.05.30"]
[Round "2.7"]
[White "Vitoux, Colomban"]
[Black "Iino Jubin, Enzo"]
[Result "1-0"]
[WhiteTitle "IM"]
[WhiteElo "2367"]
[BlackElo "2110"]
[WhiteTeam "Metz Fischer"]
[BlackTeam "Bischwiller"]
[WhiteFideId "628549"]
[BlackFideId "45177988"]
[EventDate "2025.05.29"]
[EventType "team"]

1. c4 Nf6 2. Nf3 g6 3. b3 Bg7 4. Bb2 d6 5. g3 e5 6. Bg2 O-O 7. O-O Re8 8. d3 c6
9. Qc2 Nbd7 10. Nc3 Rb8 11. Rac1 b5 12. Nd2 Bb7 13. b4 Nf8 14. Nb3 bxc4 15. dxc4
Qb6 16. a3 Ne6 17. c5 Qa6 18. cxd6 c5 19. Bxb7 Qxb7 20. Nxc5 Nxc5 21. bxc5 Qxb2
22. Qxb2 Rxb2 23. c6 Rd2 24. Rfd1 Rxd1+ 25. Rxd1 Nd7 26. cxd7 Rd8 27. Ne4 f5 28.
Nc5 Kf7 29. e4 Bf6 30. Rb1 Bg7 31. Rb7 Bf8 32. Rxa7 Kf6 33. Ra6 fxe4 34. Rc6 e3
35. Kf1 Bxd6 36. Rxd6+ 1-0

[Event "TCh-FRA Top 16 Basse 2025"]
[Site "Belfort FRA"]
[Date "2025.05.30"]
[Round "2.8"]
[White "Bellahcene, Sofia"]
[Black "Andriasyan, Siranush"]
[Result "1-0"]
[BlackTitle "WIM"]
[WhiteElo "2094"]
[BlackElo "2192"]
[WhiteTeam "Bischwiller"]
[BlackTeam "Metz Fischer"]
[WhiteFideId "26075954"]
[BlackFideId "13301926"]
[EventDate "2025.05.29"]
[EventType "team"]

1. e4 e5 2. Bc4 Nf6 3. d3 Bc5 4. Nc3 c6 5. Nf3 d6 6. h3 Nbd7 7. O-O O-O 8. Bg5
h6 9. Bh4 Re8 10. Re1 Nf8 11. a3 Bb6 12. d4 exd4 13. Nxd4 g5 14. Bg3 d5 15. Bb3
dxe4 16. Nde2 Be6 17. Bxe6 Nxe6 18. Qd4 Qd5 19. Qxd5 Rad8 20. Na4 Nxd5 21. Nxb6
Nxb6 22. b3 f5 23. Be5 Kf7 24. g4 f4 25. Rad1 Rd5 26. Rxd5 cxd5 27. a4 Rc8 28.
Rc1 Nd7 29. Bb2 Ndc5 30. Kf1 a6 31. Rd1 Rd8 32. a5 f3 33. Ng3 Nf4 34. Nf5 Nxh3
35. Nxh6+ Ke6 36. Nf5 Rd7 37. Nd4+ Kf7 38. Nf5 Nf4 39. Ng3 Rc7 40. Be5 Rc6 41.
Nf5 Nce6 42. Ne3 Nc7 43. Ke1 Ke6 44. Bb2 Rc5 45. b4 Rc6 46. Nf5 Kf7 47. Kd2 Nh3
48. Bd4 Ne6 49. Be3 Ng7 50. Nd4 Rh6 51. b5 axb5 52. Rb1 Ne8 53. Nf5 Ra6 54. Rxb5
Ke6 55. Nd4+ Ke5 56. Rxb7 Nd6 57. Kc3 Nc4 58. Re7+ Kf6 59. Rh7 1-0